000 00867mam a2200265 a 4500
008
020 _a0521435226 (pbk.)
049 _aMAIN
050 0 0 _aQC174.85.S34
_fBAR
100 1 _aBarenblatt, G. I.
245 1 0 _aScaling, self-similarity, and intermediate asymptotics /
_cGrigory Isaakovich Barenblatt.
260 _aNew York :
_bCambridge University Press,
_cc1996.
300 _axv, 386 p. :
_bill. ;
_c24 cm.
440 0 _aCambridge texts in applied mathematics ;
_vno14
504 _aIncludes bibliographical references .
500 _a Includes index
650 0 _aMathematical physics.
650 0 _aDimensional analysis.
650 0 _aDifferential equations
_xAsymptotic theory.
907 _a.b10176317
_b17-11-05
_c21-09-05
003
005 20230123134114.0
040 _cNUST
942 _cBOOKS
999 _c160137
_d160137